[Event "GBR-ch 111th"]
[Site "Liverpool"]
[Date "2025.08.04"]
[Round "3.4"]
[White "Royal, Shreyas"]
[Black "Golding, Alex"]
[Result "1-0"]
[WhiteElo "2495"]
[BlackElo "2377"]
[PlyCount "103"]
[EventDate "2025.08.02"]
[EventType "swiss"]
[EventRounds "9"]
[EventCountry "GBR"]
[SourceTitle "BritBase"]
[Source "John Saunders"]
[SourceDate "2025.08.11"]
[SourceVersion "1"]
[SourceVersionDate "2025.08.11"]
[SourceQuality "1"]

1. d4 Nf6 2. c4 e6 3. Nc3 Bb4 4. f3 d5 5. a3 Bxc3+ 6. bxc3 O-O 7. cxd5 exd5 8. e3 Bf5 9. Ne2 Nbd7 10. Nf4 g5 11. Bd3 Bxd3 12. Nxd3 Nb6 13. O-O Ne8 14. e4 Ng7 15. Ra2 f5 16. exd5 Nxd5 17. Qb3 c6 18. Re2 f4 19. Nc5 b6 20. Ne6 Nxe6 21. Rxe6 Qd7 22. Re5 h6 23. c4 Nf6 24. Bb2 Rae8 25. Rfe1 Rxe5 26. dxe5 Qe6 27. Rd1 Ne8 28. Qc2 Rf7 29. h3 Kf8 30. Qd3 Kg8 31. Qe4 Re7 32. Rd8 Kf7 33. Qh7+ Kf8 34. Qc2 Kg8 35. a4 Rb7 36. Kh2 c5 37. Qe4 Re7 38. Qd5 a5 39. Rc8 Kf8 40. Rc6 Qxd5 41. cxd5 Rd7 42. d6 Kf7 43. Rxb6 Ke6 44. Rb5 Kd5 45. Rxa5 Ng7 46. Rb5 Ne6 47. a5 Ra7 48. Rb6 Nd4 49. Bxd4 cxd4 50. Rb5+ Kc6 51. Rb4 Kd5 52. Rxd4+ 1-0

[Event "GBR-ch 111th"]
[Site "Liverpool"]
[Date "2025.08.04"]
[Round "3.5"]
[White "Fava, Lorenzo"]
[Black "Willow, Jonah B"]
[Result "1/2-1/2"]
[WhiteElo "2318"]
[BlackElo "2459"]
[PlyCount "149"]
[EventDate "2025.08.02"]
[EventType "swiss"]
[EventRounds "9"]
[EventCountry "GBR"]
[SourceTitle "BritBase"]
[Source "John Saunders"]
[SourceDate "2025.08.11"]
[SourceVersion "1"]
[SourceVersionDate "2025.08.11"]
[SourceQuality "1"]

1. d4 Nf6 2. c4 g6 3. Nc3 Bg7 4. Nf3 d6 5. e4 Bg4 6. Be2 Bxf3 7. Bxf3 e5 8. d5 h5 9. Be3 Bh6 10. Bxh6 Rxh6 11. Qd2 Rh8 12. O-O Nbd7 13. b4 Kf8 14. Na4 Kg7 15. c5 Nh7 16. c6 bxc6 17. dxc6 Ndf8 18. Be2 Qg5 19. Qe3 Ne6 20. Bc4 Nf6 21. Qxg5 Nxg5 22. f3 Ne6 23. Bxe6 fxe6 24. Nc3 Rhb8 25. b5 a6 26. a4 d5 27. f4 exf4 28. Rxf4 g5 29. Rxf6 Kxf6 30. exd5 axb5 31. Rf1+ Ke7 32. Nxb5 Rxa4 33. Nxc7 Kd6 34. Nxe6 Kxd5 35. c7 Rc8 36. Nxg5 Rxc7 37. h3 Rc2 38. Rf5+ Kd6 39. Nf3 Ra1+ 40. Kh2 Rf1 41. Kg3 Rff2 42. Nh4 Rxf5 43. Nxf5+ Ke5 44. Ng7 Kf6 45. Ne8+ Kf5 46. Ng7+ Kf6 47. Ne8+ Kg5 48. h4+ Kf5 49. Ng7+ Kg6 50. Ne6 Rc3+ 51. Kf4 Rc4+ 52. Kg3 Rg4+ 53. Kh3 Kf5 54. Ng5 Kf4 55. Nh7 Rg3+ 56. Kh2 Rg6 57. Kh3 Rg3+ 58. Kh2 Ra3 59. Nf6 Ra5 60. Kh3 Rb5 61. g3+ Kf3 62. Nh7 Kf2 63. Nf6 Kg1 64. Nxh5 Rxh5 65. Kg4 Rh8 66. h5 Kg2 67. Kg5 Kxg3 68. h6 Rg8+ 69. Kf6 Kg4 70. h7 Ra8 71. Kg7 Ra7+ 72. Kg8 Kg5 73. h8=Q Ra8+ 74. Kg7 Rxh8 75. Kxh8 1/2-1/2

[Event "GBR-ch 111th"]
[Site "Liverpool"]
[Date "2025.08.04"]
[Round "3.6"]
[White "Han, Yichen"]
[Black "Eggleston, David J"]
[Result "1-0"]
[WhiteElo "2430"]
[BlackElo "2348"]
[PlyCount "85"]
[EventDate "2025.08.02"]
[EventType "swiss"]
[EventRounds "9"]
[EventCountry "GBR"]
[SourceTitle "BritBase"]
[Source "John Saunders"]
[SourceDate "2025.08.11"]
[SourceVersion "1"]
[SourceVersionDate "2025.08.11"]
[SourceQuality "1"]

1. e4 c5 2. Nf3 d6 3. d4 Nf6 4. Nc3 cxd4 5. Nxd4 a6 6. Nb3 Nc6 7. Be3 e6 8. g4 h6 9. Qe2 b5 10. O-O-O Qc7 11. Bg2 Nd7 12. f4 Bb7 13. Rhe1 Nb6 14. e5 O-O-O 15. Ne4 d5 16. Nec5 Nc4 17. Bg1 N6a5 18. Qf2 Nc6 19. f5 Qe7 20. Kb1 N6xe5 21. fxe6 fxe6 22. Qg3 Qd6 23. Nxb7 Kxb7 24. Nc5+ Kc8 25. b3 Na3+ 26. Kb2 Qc6 27. Rxe5 Bxc5 28. Qc3 Nc4+ 29. bxc4 Bxg1 30. Rxg1 bxc4 31. Rge1 Rd6 32. Ka1 Rf8 33. g5 Rf2 34. Bh3 d4 35. Qb4 Qb6 36. Rc5+ Kd7 37. Qxc4 d3 38. Rxe6 Rxe6 39. Bxe6+ Ke7 40. Bh3 Re2 41. Rc7+ Kd6 42. Rd7+ Ke5 43. Rd5# 1-0

[Event "GBR-ch 111th"]
[Site "Liverpool"]
[Date "2025.08.04"]
[Round "3.7"]
[White "Adams, Michael"]
[Black "Rudd, Jack"]
[Result "1-0"]
[WhiteElo "2663"]
[BlackElo "2259"]
[PlyCount "39"]
[EventDate "2025.08.02"]
[EventType "swiss"]
[EventRounds "9"]
[EventCountry "GBR"]
[SourceTitle "BritBase"]
[Source "John Saunders"]
[SourceDate "2025.08.11"]
[SourceVersion "1"]
[SourceVersionDate "2025.08.11"]
[SourceQuality "1"]

1. e4 c5 2. Nf3 d6 3. d4 cxd4 4. Nxd4 Nf6 5. Nc3 a6 6. Bd3 e5 7. Nde2 Be7 8. O-O O-O 9. Ng3 Nc6 10. Nd5 Nxd5 11. exd5 Nb8 12. f4 Nd7 13. c4 g6 14. f5 Bg5 15. Ne4 Bxc1 16. Qxc1 f6 17. fxg6 Kg7 18. gxh7 f5 19. h8=Q+ Rxh8 20. Rxf5 1-0

[Event "GBR-ch 111th"]
[Site "Liverpool"]
[Date "2025.08.04"]
[Round "3.8"]
[White "Flear, Glenn C"]
[Black "Conquest, Stuart C"]
[Result "1/2-1/2"]
[WhiteElo "2358"]
[BlackElo "2511"]
[PlyCount "44"]
[EventDate "2025.08.02"]
[EventType "swiss"]
[EventRounds "9"]
[EventCountry "GBR"]
[SourceTitle "BritBase"]
[Source "John Saunders"]
[SourceDate "2025.08.11"]
[SourceVersion "1"]
[SourceVersionDate "2025.08.11"]
[SourceQuality "1"]

1. d4 f5 2. Bf4 Nf6 3. e3 e6 4. Be2 d6 5. c4 Be7 6. Nc3 O-O 7. h4 Na6 8. Qd2 Ne4 9. Nxe4 fxe4 10. O-O-O c5 11. f3 d5 12. fxe4 dxe4 13. Nh3 h6 14. Nf2 cxd4 15. Nxe4 Nb4 16. Qxd4 Nxa2+ 17. Kb1 Qxd4 18. Rxd4 Nb4 19. Bd6 Bxd6 20. Nxd6 e5 21. Rdd1 Bd7 22. Bf3 Bc6 1/2-1/2

[Event "GBR-ch 111th"]
[Site "Liverpool"]
[Date "2025.08.04"]
[Round "3.9"]
[White "Wadsworth, Matthew J"]
[Black "Hunt, Harriet V"]
[Result "1-0"]
[WhiteElo "2483"]
[BlackElo "2294"]
[PlyCount "75"]
[EventDate "2025.08.02"]
[EventType "swiss"]
[EventRounds "9"]
[EventCountry "GBR"]
[SourceTitle "BritBase"]
[Source "John Saunders"]
[SourceDate "2025.08.11"]
[SourceVersion "1"]
[SourceVersionDate "2025.08.11"]
[SourceQuality "1"]

1. d4 Nf6 2. c4 e6 3. Nc3 Bb4 4. e3 b6 5. Nge2 Ba6 6. Ng3 h5 7. h4 Bb7 8. Bd2 Nc6 9. Be2 Ne7 10. d5 exd5 11. cxd5 Nexd5 12. Nxd5 Bxd2+ 13. Qxd2 Bxd5 14. Nxh5 Bxg2 15. Rg1 Nxh5 16. Rxg2 Qxh4 17. O-O-O Qe7 18. Rg4 Nf6 19. Rxg7 O-O-O 20. Bc4 Rdf8 21. Qd4 Rh5 22. Kb1 Kb8 23. f3 Rc5 24. e4 Ne8 25. Rh7 Nd6 26. Bd5 Nb5 27. Qg7 c6 28. Qg3+ Nc7 29. Bb3 Kc8 30. Qg4 Re5 31. Bxf7 Rg5 32. Be8 Qxh7 33. Bxd7+ Kb7 34. Qxg5 Rxf3 35. Qd8 Qxe4+ 36. Ka1 b5 37. Qc8+ Kb6 38. Qb8+ 1-0

[Event "GBR-ch 111th"]
[Site "Liverpool"]
[Date "2025.08.04"]
[Round "3.10"]
[White "Hebden, Mark L"]
[Black "Bazakutsa, Svyatoslav"]
[Result "1-0"]
[WhiteElo "2347"]
[BlackElo "2481"]
[PlyCount "173"]
[EventDate "2025.08.02"]
[EventType "swiss"]
[EventRounds "9"]
[EventCountry "GBR"]
[SourceTitle "BritBase"]
[Source "John Saunders"]
[SourceDate "2025.08.11"]
[SourceVersion "1"]
[SourceVersionDate "2025.08.11"]
[SourceQuality "1"]

1. d4 Nf6 2. Bg5 Ne4 3. Bh4 c5 4. f3 g5 5. fxe4 gxh4 6. e3 Bh6 7. Qd3 Qb6 8. Na3 Qb4+ 9. Kf2 d6 10. Nf3 Nd7 11. Be2 Nf6 12. Nxh4 d5 13. exd5 Nxd5 14. Nc4 cxd4 15. exd4 O-O 16. c3 Qb5 17. Qg3+ Kh8 18. Qe5+ Bg7 19. Ne3 Qxe2+ 20. Kxe2 Bxe5 21. dxe5 Nf4+ 22. Kd2 Be6 23. Kc2 Rg8 24. Rhf1 Ng6 25. Nf3 Rac8 26. Nd4 Nxe5 27. Nxe6 fxe6 28. Rae1 Nc6 29. g3 Rg5 30. Kb1 Rh5 31. Re2 Rd8 32. Ng4 e5 33. Rfe1 Rd5 34. h4 Kg8 35. Re4 a5 36. a4 Kf7 37. Rc4 Ke6 38. Ne3 Rd7 39. Rc5 Rh6 40. Rb5 Rg6 41. Nc4 Rd5 42. Rxb7 Rxg3 43. Rc7 Nb8 44. Rc8 Nd7 45. Ra8 Rh3 46. Ra6+ Kf7 47. Rxa5 Rxa5 48. Nxa5 Rxh4 49. b4 Nb6 50. Kc2 Nxa4 51. Kb3 Nb6 52. Rxe5 e6 53. Re3 h5 54. Nc6 Kf6 55. Rf3+ Kg5 56. Re3 Kf6 57. Nd4 e5 58. Nc6 Nc4 59. Re2 Rg4 60. b5 h4 61. Kb4 h3 62. Rh2 Nb6+ 63. Ka5 Nc4+ 64. Ka6 Rg3 65. Na5 Nd6 66. c4 Ra3 67. Kb6 Ke6 68. c5 Nc8+ 69. Ka6 Ne7 70. c6 Nd5 71. b6 Kd6 72. Rd2 h2 73. Rxh2 Nb4+ 74. Kb5 Rxa5+ 75. Kxb4 Ra1 76. Rh6+ Kd5 77. c7 Rc1 78. b7 Rb1+ 79. Kc3 Rc1+ 80. Kd2 Rxc7 81. b8=Q Rd7 82. Qb5+ Kd4 83. Qxd7+ Ke4 84. Ke2 Kf4 85. Rf6+ Kg5 86. Qg7+ Kh4 87. Rh6# 1-0

[Event "GBR-ch 111th"]
[Site "Liverpool"]
[Date "2025.08.04"]
[Round "3.11"]
[White "Gordon, Stephen J"]
[Black "Davies, Nigel R"]
[Result "0-1"]
[WhiteElo "2469"]
[BlackElo "2291"]
[PlyCount "44"]
[EventDate "2025.08.02"]
[EventType "swiss"]
[EventRounds "9"]
[EventCountry "GBR"]
[SourceTitle "BritBase"]
[Source "John Saunders"]
[SourceDate "2025.08.11"]
[SourceVersion "1"]
[SourceVersionDate "2025.08.11"]
[SourceQuality "1"]

1. Nf3 d5 2. d4 Nf6 3. c4 c6 4. e3 a6 5. Nc3 e6 6. h3 Nbd7 7. Qc2 Bd6 8. b3 e5 9. cxd5 cxd5 10. dxe5 Nxe5 11. Be2 O-O 12. Bb2 Nxf3+ 13. Bxf3 d4 14. exd4 Re8+ 15. Be2 Qa5 16. Qd2 Bb4 17. a3 Bxc3 18. Bxc3 Qb5 19. Ra2 Qxb3 20. Qb2 Rxe2+ 21. Kxe2 Qc4+ 22. Kd1 Ne4 0-1

[Event "GBR-ch 111th"]
[Site "Liverpool"]
[Date "2025.08.04"]
[Round "3.12"]
[White "Vijayakumar, Rishi"]
[Black "Roberson, Peter T"]
[Result "1/2-1/2"]
[WhiteElo "2310"]
[BlackElo "2440"]
[PlyCount "77"]
[EventDate "2025.08.02"]
[EventType "swiss"]
[EventRounds "9"]
[EventCountry "GBR"]
[SourceTitle "BritBase"]
[Source "John Saunders"]
[SourceDate "2025.08.11"]
[SourceVersion "1"]
[SourceVersionDate "2025.08.11"]
[SourceQuality "1"]

1. d4 Nf6 2. c4 e6 3. Nf3 d5 4. Nc3 dxc4 5. e3 a6 6. Bxc4 b5 7. Bb3 Bb7 8. O-O Be7 9. Qe2 b4 10. Na4 O-O 11. Bc2 Qd5 12. b3 Nbd7 13. Bb2 Bd6 14. Rfd1 Qh5 15. h3 Ne4 16. Bd3 Rfd8 17. Nd2 Qxe2 18. Bxe2 Nxd2 19. Rxd2 a5 20. Rc1 f5 21. f3 Kf7 22. Kf2 h5 23. Rdc2 Ba6 24. Bxa6 Rxa6 25. e4 fxe4 26. fxe4 e5 27. Nc5 Nxc5 28. dxc5 Bxc5+ 29. Rxc5 Rd2+ 30. Ke3 Rxb2 31. Rxc7+ Kg8 32. R7c2 Rxc2 33. Rxc2 a4 34. Rc4 axb3 35. axb3 Rg6 36. Kf2 Rf6+ 37. Ke3 Rg6 38. Kf2 Rf6+ 39. Ke3 1/2-1/2

[Event "GBR-ch 111th"]
[Site "Liverpool"]
[Date "2025.08.04"]
[Round "3.13"]
[White "Harvey, Marcus R"]
[Black "Dickenson, Neil F"]
[Result "1-0"]
[WhiteElo "2439"]
[BlackElo "2247"]
[PlyCount "144"]
[EventDate "2025.08.02"]
[EventType "swiss"]
[EventRounds "9"]
[EventCountry "GBR"]
[SourceTitle "BritBase"]
[Source "John Saunders"]
[SourceDate "2025.08.11"]
[SourceVersion "1"]
[SourceVersionDate "2025.08.11"]
[SourceQuality "1"]

1. c4 e5 2. g3 Nf6 3. Bg2 Bc5 4. d3 O-O 5. Nc3 Nc6 6. Nf3 d5 7. cxd5 Nxd5 8. O-O h6 9. Na4 Be7 10. Bd2 Nb6 11. Rc1 Nxa4 12. Qxa4 Nd4 13. Rfe1 Bf6 14. Nxd4 exd4 15. Ba5 Bd7 16. Qc2 b6 17. Qxc7 Rc8 18. Qxd8 Rfxd8 19. Bd2 Re8 20. Bf3 g5 21. Rxc8 Rxc8 22. Rc1 Rxc1+ 23. Bxc1 Be6 24. a3 Bb3 25. e4 dxe3 26. fxe3 Kf8 27. d4 Bg7 28. Bd2 a5 29. g4 Ke7 30. Bc3 f6 31. e4 Bf8 32. h4 Ke6 33. h5 Bd6 34. Bd2 Kf7 35. Kf2 Ke6 36. Be2 Ke7 37. Be3 Bc2 38. Kf3 Bb3 39. Bd2 Ke6 40. Bc3 Bc7 41. Ba6 Kd7 42. Ke3 Bf4+ 43. Ke2 Be6 44. Kf3 Bb3 45. Kf2 Bd1 46. Be2 Bb3 47. Bf3 Ke7 48. Ke2 Bc4+ 49. Ke1 Bb3 50. Bd1 Bg3+ 51. Ke2 Bc4+ 52. Kf3 Bc7 53. Bc2 Ke6 54. Bd2 Bd6 55. Ba4 Ke7 56. Bc3 Bc7 57. Kf2 Be6 58. Bd1 Bc4 59. b3 Ba6 60. Be2 Bc8 61. Kf3 Bd6 62. a4 Bb7 63. Bc4 Bc7 64. Bd5 Bc8 65. e5 fxe5 66. dxe5 Be6 67. Bxe6 Kxe6 68. Ke4 Bb8 69. Bb2 Bc7 70. Ba3 Bxe5 71. Bf8 Bd6 72. Bxd6 Kxd6 1-0

[Event "GBR-ch 111th"]
[Site "Liverpool"]
[Date "2025.08.04"]
[Round "3.14"]
[White "Dasgupta, Avyukt"]
[Black "Czopor, Maciej"]
[Result "0-1"]
[WhiteElo "2158"]
[BlackElo "2434"]
[PlyCount "76"]
[EventDate "2025.08.02"]
[EventType "swiss"]
[EventRounds "9"]
[EventCountry "GBR"]
[SourceTitle "BritBase"]
[Source "John Saunders"]
[SourceDate "2025.08.11"]
[SourceVersion "1"]
[SourceVersionDate "2025.08.11"]
[SourceQuality "1"]

1. d4 Nf6 2. Bg5 g6 3. Bxf6 exf6 4. c4 d5 5. cxd5 Qxd5 6. Nc3 Qd8 7. h4 h5 8. g3 c6 9. Bh3 f5 10. e3 Bd6 11. Bg2 O-O 12. Nf3 Nd7 13. O-O Nf6 14. Qd3 Re8 15. Ng5 Qe7 16. Rfe1 Kg7 17. Rad1 Bd7 18. d5 c5 19. Qc4 Ng4 20. Qf1 a6 21. Bh3 b5 22. e4 Qd8 23. f4 b4 24. Bxg4 hxg4 25. e5 bxc3 26. bxc3 Ba4 27. Rb1 Be7 28. c4 Qa5 29. Qd3 Rab8 30. Qa3 Bxg5 31. hxg5 Rh8 32. Qe3 Bc2 33. Rxb8 Rxb8 34. e6 Be4 35. Qc1 Qxa2 36. Qa1+ Qxa1 37. Rxa1 fxe6 38. dxe6 Rb1+ 0-1

[Event "GBR-ch 111th"]
[Site "Liverpool"]
[Date "2025.08.04"]
[Round "3.15"]
[White "Mirzoeva, Elmira"]
[Black "Mahadevan, Siva"]
[Result "0-1"]
[WhiteElo "2282"]
[BlackElo "2416"]
[PlyCount "88"]
[EventDate "2025.08.02"]
[EventType "swiss"]
[EventRounds "9"]
[EventCountry "GBR"]
[SourceTitle "BritBase"]
[Source "John Saunders"]
[SourceDate "2025.08.11"]
[SourceVersion "1"]
[SourceVersionDate "2025.08.11"]
[SourceQuality "1"]

1. d4 d5 2. c4 c6 3. Nf3 Nf6 4. Qb3 e6 5. g3 a5 6. Bg2 Bb4+ 7. Nc3 Nbd7 8. a3 Be7 9. O-O a4 10. Nxa4 dxc4 11. Qc2 O-O 12. Rd1 Qa5 13. Nc3 e5 14. Bd2 exd4 15. Nxd4 Qa7 16. Nf5 Bc5 17. Be1 Ne5 18. Nd6 Be6 19. Nce4 Nxe4 20. Nxe4 Be7 21. Bc3 Nd7 22. Bd4 Qa5 23. Nd2 Qa6 24. Qc3 Nf6 25. Rac1 b5 26. Ne4 Nd5 27. Qc2 Bg4 28. Nc5 Qc8 29. a4 Nb4 30. Qd2 Na2 31. Ra1 Rd8 32. Qe3 Re8 33. Qf4 Bxc5 34. Bxc5 Rxa4 35. Qd6 c3 36. bxc3 Nxc3 37. Rxa4 bxa4 38. Ra1 Nxe2+ 39. Kh1 h5 40. Rxa4 Rd8 41. Ra2 Rxd6 42. Bxd6 Qe6 43. Ra8+ Kh7 44. Bc5 Nf4 0-1

[Event "GBR-ch 111th"]
[Site "Liverpool"]
[Date "2025.08.04"]
[Round "3.16"]
[White "Waldhausen Gordon, Frederick"]
[Black "Boswell, Jacob Connor"]
[Result "1-0"]
[WhiteElo "2393"]
[BlackElo "2278"]
[PlyCount "97"]
[EventDate "2025.08.02"]
[EventType "swiss"]
[EventRounds "9"]
[EventCountry "GBR"]
[SourceTitle "BritBase"]
[Source "John Saunders"]
[SourceDate "2025.08.11"]
[SourceVersion "1"]
[SourceVersionDate "2025.08.11"]
[SourceQuality "1"]

1. e4 c5 2. Nf3 d6 3. Bb5+ Bd7 4. Bxd7+ Nxd7 5. O-O Ngf6 6. Qe2 e6 7. c4 Be7 8. d4 cxd4 9. Nxd4 O-O 10. Nc3 Qa5 11. Bd2 Qc7 12. Rac1 a6 13. Rfd1 Rac8 14. b3 Rfe8 15. Be3 Bf8 16. Nf3 Ng4 17. Bf4 Nge5 18. Nxe5 Nxe5 19. Qd2 Red8 20. h3 Qa5 21. Na4 Qxd2 22. Rxd2 f6 23. Nb2 Ng6 24. Be3 Rc6 25. Kf1 b5 26. Ke2 Rdc8 27. Rdc2 Kf7 28. Nd3 a5 29. Kd2 bxc4 30. Rxc4 Ne7 31. Rxc6 Rxc6 32. Rxc6 Nxc6 33. Kc3 d5 34. exd5 exd5 35. Nf4 Nb4 36. a3 g5 37. axb4 Bxb4+ 38. Kd4 gxf4 39. Bxf4 Ke6 40. g4 Be1 41. Bg3 h6 42. Bh4 Kd6 43. Bxf6 Bxf2+ 44. Kd3 Bg3 45. Bc3 Ke6 46. Bxa5 Kf6 47. Bd2 Kg6 48. Kd4 h5 49. Kxd5 1-0

[Event "GBR-ch 111th"]
[Site "Liverpool"]
[Date "2025.08.04"]
[Round "3.17"]
[White "Maroroa Jones, Gawain"]
[Black "Stubbs, Oliver"]
[Result "1-0"]
[WhiteElo "2651"]
[BlackElo "2191"]
[PlyCount "63"]
[EventDate "2025.08.02"]
[EventType "swiss"]
[EventRounds "9"]
[EventCountry "GBR"]
[SourceTitle "BritBase"]
[Source "John Saunders"]
[SourceDate "2025.08.11"]
[SourceVersion "1"]
[SourceVersionDate "2025.08.11"]
[SourceQuality "1"]

1. e4 e6 2. d3 d5 3. Qe2 Nc6 4. Nf3 e5 5. c3 Nf6 6. Nbd2 Bd6 7. g3 O-O 8. Bg2 Re8 9. O-O Ne7 10. exd5 Nexd5 11. Rd1 Qe7 12. h3 c6 13. Ne4 Bc7 14. Bg5 h6 15. Bh4 Bf5 16. c4 Bxe4 17. dxe4 Nb6 18. Bxf6 Qxf6 19. c5 Nc8 20. Rd7 Re7 21. Rad1 a5 22. h4 Na7 23. Bh3 Rae8 24. a4 b5 25. cxb6 Bxb6 26. R1d6 Re6 27. Bxe6 Rxe6 28. Rxe6 Qxe6 29. Rb7 Bc5 30. Kg2 Nc8 31. Qa6 Ne7 32. Qxa5 1-0

[Event "GBR-ch 111th"]
[Site "Liverpool"]
[Date "2025.08.04"]
[Round "3.18"]
[White "Sivanandan, Bodhana"]
[Black "Clarke, Brandon Gi"]
[Result "0-1"]
[WhiteElo "2216"]
[BlackElo "2491"]
[PlyCount "164"]
[EventDate "2025.08.02"]
[EventType "swiss"]
[EventRounds "9"]
[EventCountry "GBR"]
[SourceTitle "BritBase"]
[Source "John Saunders"]
[SourceDate "2025.08.11"]
[SourceVersion "1"]
[SourceVersionDate "2025.08.11"]
[SourceQuality "1"]

1. e4 c5 2. Nf3 Nc6 3. Bb5 g6 4. O-O Bg7 5. c3 e5 6. d4 cxd4 7. cxd4 exd4 8. Bf4 a6 9. Ba4 Nge7 10. Bd6 b5 11. Bb3 Bb7 12. e5 Nf5 13. Re1 Nxd6 14. exd6+ Kf8 15. Nbd2 f5 16. Bd5 Qb8 17. Nb3 Qxd6 18. Bxc6 Bxc6 19. Nfxd4 Be4 20. Ne2 Qxd1 21. Raxd1 Ra7 22. Rd2 Kf7 23. Red1 Bc6 24. Ned4 Ba8 25. Ne2 Rd8 26. Nc5 Ke7 27. b3 d6 28. Nd3 a5 29. Ndf4 Rc7 30. Nd5+ Bxd5 31. Rxd5 Rc5 32. Kf1 Rd7 33. Ke1 Be5 34. h3 Ke6 35. R5d3 b4 36. Re3 Kf7 37. Red3 Rc2 38. R1d2 Rxd2 39. Kxd2 d5 40. Ke3 Ke6 41. Rd1 Kd6 42. Rc1 Rd8 43. f3 Re8 44. Kd3 f4 45. Rc2 g5 46. Rc1 Bf6 47. Kd2 h5 48. Rc2 Be5 49. Kd1 Rg8 50. Rd2 Rc8 51. Rc2 Ra8 52. Nc1 Bd4 53. Nd3 Re8 54. Re2 Be3 55. Rc2 Rg8 56. Re2 g4 57. fxg4 hxg4 58. hxg4 Rxg4 59. Ne1 Rg8 60. Rc2 Bd4 61. Nf3 Bc3 62. Rf2 Rh8 63. Rf1 Re8 64. Rf2 Rh8 65. Rf1 Ke6 66. Ke2 Kf5 67. Rd1 Re8+ 68. Kf2 Rd8 69. Ke2 Kg4 70. Kf2 Rd6 71. Nh2+ Kf5 72. Nf3 Rd7 73. Ke2 Bf6 74. Rc1 Rg7 75. Kf2 Bc3 76. Rh1 Ke4 77. Rh6 a4 78. Re6+ Kd3 79. Rd6 a3 80. Rxd5+ Kc2 81. Ne5 Rg5 82. Kf3 Rxe5 0-1

[Event "GBR-ch 111th"]
[Site "Liverpool"]
[Date "2025.08.04"]
[Round "3.19"]
[White "Williams, Simon K"]
[Black "Jones, Steven A"]
[Result "1/2-1/2"]
[WhiteElo "2444"]
[BlackElo "2185"]
[PlyCount "149"]
[EventDate "2025.08.02"]
[EventType "swiss"]
[EventRounds "9"]
[EventCountry "GBR"]
[SourceTitle "BritBase"]
[Source "John Saunders"]
[SourceDate "2025.08.11"]
[SourceVersion "1"]
[SourceVersionDate "2025.08.11"]
[SourceQuality "1"]

1. Nf3 Nf6 2. c4 g6 3. Nc3 Bg7 4. e4 d6 5. d4 O-O 6. Bd3 Nc6 7. d5 Nb4 8. Bb1 e6 9. O-O exd5 10. cxd5 c6 11. a3 Na6 12. dxc6 bxc6 13. Be3 Rb8 14. Qc2 Nc5 15. Bxc5 dxc5 16. Ba2 Nh5 17. Rad1 Qe7 18. h3 Nf4 19. Rfe1 Be6 20. Bxe6 Nxe6 21. e5 Rfd8 22. Rxd8+ Rxd8 23. Ne4 Rd5 24. Ned2 Nf4 25. Re3 Bxe5 26. Qe4 Ne6 27. Nxe5 Rxd2 28. Nxc6 Qd6 29. g3 Rxb2 30. Rd3 Qc7 31. Qd5 Rb6 32. Ne5 Qb7 33. Qxb7 Rxb7 34. Rd6 Rc7 35. Nc4 Kf8 36. Kf1 Nd4 37. Ke1 Rc6 38. Rd7 Ra6 39. Kd2 Nb5 40. Rb7 Nxa3 41. Ne5 Rd6+ 42. Kc3 Re6 43. f4 Re7 44. Rb3 f6 45. Ng4 h5 46. Nxf6 Re3+ 47. Kb2 Nc4+ 48. Kc2 Na3+ 49. Kb2 Nc4+ 50. Kc2 Kf7 51. Nd7 Na3+ 52. Kb2 Nc4+ 53. Kc2 Rxb3 54. Kxb3 Nd2+ 55. Kc2 Ne4 56. g4 h4 57. Ne5+ Kf6 58. Nf3 Nf2 59. Nxh4 Nxh3 60. Ng2 Ke6 61. Kc3 Kd5 62. f5 g5 63. Ne3+ Ke4 64. f6 Nf4 65. f7 Ng6 66. Nf5 a5 67. Nd6+ Kf4 68. Nb7 Kxg4 69. Nxa5 Kh3 70. Nb3 g4 71. Nxc5 g3 72. Nd3 g2 73. f8=Q Nxf8 74. Nf4+ Kg3 75. Nxg2 1/2-1/2

[Event "GBR-ch 111th"]
[Site "Liverpool"]
[Date "2025.08.04"]
[Round "3.20"]
[White "Pert, Richard G"]
[Black "Chopra, Manmay"]
[Result "1-0"]
[WhiteElo "2409"]
[BlackElo "2188"]
[PlyCount "73"]
[EventDate "2025.08.02"]
[EventType "swiss"]
[EventRounds "9"]
[EventCountry "GBR"]
[SourceTitle "BritBase"]
[Source "John Saunders"]
[SourceDate "2025.08.11"]
[SourceVersion "1"]
[SourceVersionDate "2025.08.11"]
[SourceQuality "1"]

1. d4 Nf6 2. Nf3 b6 3. g3 Bb7 4. Bg2 g6 5. O-O Bg7 6. c4 O-O 7. Nc3 Ne4 8. Nxe4 Bxe4 9. Be3 d6 10. Qd2 e5 11. Bh6 Qe8 12. Bxg7 Kxg7 13. dxe5 dxe5 14. Qc3 f6 15. c5 Nd7 16. b4 bxc5 17. bxc5 Qe7 18. Rac1 Rfd8 19. Rfd1 Nf8 20. Qc4 Bc6 21. h4 Qe6 22. Qxe6 Nxe6 23. Ng5 fxg5 24. Bxc6 Rab8 25. hxg5 Nxg5 26. Rxd8 Rxd8 27. Rb1 Ne6 28. Rb7 a6 29. e4 Rd1+ 30. Kg2 Nxc5 31. Rxc7+ Kf6 32. Bd5 Nd3 33. Kf3 Nb4 34. Bb3 Rd3+ 35. Kg4 h5+ 36. Kh4 Rd6 37. Rf7# 1-0

[Event "GBR-ch 111th"]
[Site "Liverpool"]
[Date "2025.08.04"]
[Round "3.21"]
[White "Zhou, Yang-Fan"]
[Black "Golding, James"]
[Result "1/2-1/2"]
[WhiteElo "2406"]
[BlackElo "2176"]
[PlyCount "101"]
[EventDate "2025.08.02"]
[EventType "swiss"]
[EventRounds "9"]
[EventCountry "GBR"]
[SourceTitle "BritBase"]
[Source "John Saunders"]
[SourceDate "2025.08.11"]
[SourceVersion "1"]
[SourceVersionDate "2025.08.11"]
[SourceQuality "1"]

1. e4 e5 2. Nf3 Nc6 3. Bc4 Bc5 4. c3 Nf6 5. d3 d6 6. O-O a5 7. Re1 O-O 8. h3 h6 9. Nbd2 a4 10. Bb5 Bd7 11. Nc4 Ne7 12. Bxd7 Qxd7 13. d4 exd4 14. cxd4 Bb4 15. Re2 Qb5 16. Qc2 d5 17. e5 Ne4 18. a3 Ba5 19. Nxa5 Qxa5 20. Bd2 Qb5 21. Rae1 Rfc8 22. Bb4 Ng6 23. g3 Ra6 24. Nd2 Rc6 25. Qb1 Nxd2 26. Rxd2 Nf8 27. Qd3 Qxd3 28. Rxd3 Ne6 29. Bc3 Rc4 30. f4 b6 31. Red1 f5 32. exf6 gxf6 33. Kf2 Re8 34. Re1 Kf7 35. Rde3 Ng7 36. g4 Rxe3 37. Kxe3 Ne6 38. h4 c6 39. f5 Nc7 40. Kd3 c5 41. Re2 cxd4 42. Bxd4 Nb5 43. Bxb6 Rxg4 44. Bc5 Rc4 45. Bb4 Rd4+ 46. Kc2 Rxh4 47. Re7+ Kg8 48. Re8+ Kf7 49. Re7+ Kg8 50. Re8+ Kf7 51. Re7+ 1/2-1/2

[Event "GBR-ch 111th"]
[Site "Liverpool"]
[Date "2025.08.04"]
[Round "3.22"]
[White "Yoon, Jacob D"]
[Black "Hobson, Kenneth"]
[Result "1-0"]
[WhiteElo "2203"]
[BlackElo "2361"]
[PlyCount "79"]
[EventDate "2025.08.02"]
[EventType "swiss"]
[EventRounds "9"]
[EventCountry "GBR"]
[SourceTitle "BritBase"]
[Source "John Saunders"]
[SourceDate "2025.08.11"]
[SourceVersion "1"]
[SourceVersionDate "2025.08.11"]
[SourceQuality "1"]

1. d4 Nf6 2. c4 e6 3. Nf3 d5 4. Nc3 Bb4 5. cxd5 exd5 6. Bg5 h6 7. Bh4 g5 8. Bg3 Ne4 9. Nd2 Nxg3 10. hxg3 c6 11. Qc2 Be6 12. a3 Bf8 13. O-O-O Nd7 14. e4 Qa5 15. e5 Qb6 16. f4 Bg4 17. Nf3 Qa5 18. Re1 Be7 19. Nh2 c5 20. Nxg4 cxd4 21. Qa4 Qc5 22. Bb5 O-O-O 23. e6 Nb6 24. Qb4 dxc3 25. Qxc5+ Bxc5 26. e7 Rde8 27. Bxe8 cxb2+ 28. Kxb2 Rxe8 29. Nxh6 Nc4+ 30. Ka2 Be3 31. Nf5 gxf4 32. gxf4 d4 33. Rd1 b5 34. a4 a6 35. Rh6 Bxf4 36. Rxa6 Kb7 37. axb5 Be5 38. Kb3 Nb6 39. Re1 Bb8 40. Ng7 1-0